000 01939cam a22002174a 4500
005 20250605164058.0
008 250528s ||||||||||||||||||||||||d
035 _a17524
020 _a9600213658
040 _aGR-AtMCL
_bgre
_dGR-AtMCL
_eAACR2
245 1 _aΔιεθνής Οικονομική.
_nΤόμος Πρώτος
260 _bΠαπαζήση,
_c1999
300 _a488
520 _aΕισαγωγή, Το Κράτος ως Οικονομική Μονάδα, Θεωρία και Πολιτική του Διεθνούς Εμπορίου, Συγκριτικό Πλεονέκτημα εκ του Εμπορίου, Οικονομική Αποτελεσματικότητα και Συγκριτικό Πλεονέκτημα, Προίκιση Παραγωγικών Συντελεστών και Συγκριτικό Πλεονέκτημα, Προίκιση Παραγωγικών Συντελεστών και Συγκριτικό Πλεονέκτημα, Υποκατάσταση Παραγωγικών Συντελεστών και ένα Τροποποιημένο Μοντέλο του Ricardo, Υποκατάσταση Παραγωγικών Συντελεστών και το Μοντέλο των Heckscher-Ohlin, Ατελής Ανταγωνισμός και Διεθνές Εμπόριο, Εμπόριο και Μετακινήσεις Παραγωγικών Συντελεστών, Εργαλεία και Χρήσεις της Πολιτικής Εμπορίου, Η Εξέλιξη της Πολιτικής Εμπορίου, Το Μέλλον του Εμπορικού Συστήματος, Περίληψη, Προτεινόμενη Μελέτη, Ερωτήσεις και Προβλήματα.
700 1 _aKenen Peter B
_93668
700 1 _aΠελαγίδης Θεόδωρος Κ
_93669
700 1 _aΠολυχρονόπουλος Γεώργιος
_93670
942 _cBK
999 _c2932
_d2932